000 00640nam a2200241Ia 4500
003 OSt
005 20220918181633.0
006 a|||||r|||| 00| 0
007 ta
008 220917b |||||||| |||| 00| 0 eng d
024 _a27,899
037 _cTextual
040 _aARTS
_cARTS
_beng
041 _2eng
_aeng
082 _aO111,2J64:g, M1
100 _aAndretta Richard A.
_958657
245 0 _aShakespeare's romances
260 _aNew Delhi
_bVPH
_c1981
300 _avii, 149p.
_ccm.
650 _aENGLISH LITERATURE
942 _hO111,2J64:g, M1
_cTEXL
_2CC
999 _c166305
_d166305